| 000 | 00000nas 2200000zi 4500 |
| 001 | 9.916021 |
| 003 | CaOODSP |
| 005 | 20221107183344 |
| 006 | m o d f |
| 007 | cr ||||||||||| |
| 008 | 221007c20229999onc x m o f0###|0eng|d |
| 040 | |aCaOODSP|beng|erda|cCaOODSP |
| 043 | |an-cn--- |
| 086 | 1 |aNH18-35E-PDF |
| 130 | 0 |aHousing market insight. |pCanada. |
| 245 | 10|aHousing market insight. |pCanada. |
| 264 | 1|a[Ottawa] : |bCMHC = SCHL, |c2022- |
| 310 | |aIrregular |
| 336 | |atext|btxt|2rdacontent |
| 337 | |acomputer|bc|2rdamedia |
| 338 | |aonline resource|bcr|2rdacarrier |
| 362 | 1 |aBegan with July 2022. |
| 500 | |aIssued also in French under title: Le marché sous la loupe. Canada. |
| 500 | |aAt head of title: Housing market information. |
| 650 | 0|aHousing|zCanada. |
| 710 | 2 |aCanada Mortgage and Housing Corporation, |eissuing body. |
| 775 | 08|tLe marché sous la loupe. |w(CaOODSP)9.916022 |